000 01043nas a2200313 4500
001 BR7405929
003 BR-BrBNA
005 20231205082738.0
007 ta
008 230509b bl.|||p| |||| 00| 00por d
040 _aBR-BrBNA
_bpor
_cBiblioteca Nacional de Agricultura
041 _a(Pt)
072 _aH20
100 1 _aSchramm, W.
100 1 _aFulco, W.S.
100 1 _aSoares, M.H.G.
100 1 _aAlmeida, A.M.P.
111 1 _a5. Reuniao Anual Conjunta de Pesquisa de Trigo
_cPorto Alegre, RS (Brazil)
_dApr 1973
245 1 _aResistencia de cultivares de trigo em experimentacao ou cultivo no Rio Grande do Sul, as principais doencas fungicas [Fusariose; Septoriose; Brasil]
650 _aDoenca de planta
650 _aTrigo
650 _aFusariose
650 _aSeptoriose
650 _aVariedade resistente
650 _aRio Grande do Sul
773 0 _tAgronomia Sulriograndense (Brazil)
_xISSN 0400-8111
_g(1974), v. 10(1) p. 31-52
_wBR7405929
909 _a202311
_bLúcia
_c55
_dLúcia Elande
942 _2AGRIS
_n0
_cANA
999 _c93985
_d93985